• 首页
  • 本馆介绍
  • 公告通知
  • 最新文献
  • 馆藏检索
  • 电子资源
  • 读者导购
  • 参考咨询
  • 我的图书馆
  • 登录
  • 详细信息显示
  • 放入我的书架
  • 预约/预借图书
  • 作者相关作品
  • 分类相关作品
  • 丛书相关作品
  • 出版社相关作品

书目信息

  • 表格格式
  • 工作单格式
  • 卡片格式
题名:
数字档案馆学
    
 
作者: 王芳 主编
分册:  
出版信息: 北京   中国人民大学出版社  2010.11
页数: 435页
开本: 23cm
丛书名:
单 册:
中图分类: G270.7
科图分类:
主题词: 数字技术--应用--档案馆--高等学校--教材 , 数字技术 , 档案馆
电子资源:
ISBN: 978-7-300-11966-3
000 00819nam0 22002651 45
001 515
005 20120531162613.09
010    @a978-7-300-11966-3@dCNY45.00
100    @a20120328d2010 em y0chiy50 ea
101 0  @achi
102    @aCN@b110000
105    @ay z 000yy
106    @ar
200 1  @a数字档案馆学@AShu Zi Dang An Guan Xue@f王芳主编@FWang Fang Zhu Bian
210    @a北京@c中国人民大学出版社@d2010.11
215    @a435页@d23cm
300    @a21世纪档案学系列教材
330    @a本书内容包括:档案信息数字化、电子文件的归档与鉴定、数字档案馆元数据体系、数字档案信息检索等。
606 0  @a数字技术@x应用@x档案馆@x高等学校@j教材
606 0  @a数字技术
606 0  @a档案馆
690    @aG270.7@v4
701  0 @a王芳@AWang Fang@4主编
801  0 @aCN@bTSTCL@c20120328
905    @b0814726-28@dG270.7@e63@f3
    
    数字档案馆学/王芳主编.-北京:中国人民大学出版社,2010.11
    435页;23cm
    21世纪档案学系列教材
    
    ISBN 978-7-300-11966-3:CNY45.00
    本书内容包括:档案信息数字化、电子文件的归档与鉴定、数字档案馆元数据体系、数字档案信息检索等。
●
相关链接 在E读中查询图书 在五车中查询图书 在当当中查询图书 在豆瓣中查询图书


正题名:数字档案馆学     索取号:G270.7/63         预约/预借

序号 登录号 条形码 馆藏地/架位号 状态 备注
1 0814726   208147263   第一样本阅览室/ [索取号:G270.7/63] 在馆    
2 0814727   208147272   第四借阅区/ [索取号:G270.7/63] 在馆    
3 0814728   208147281   第四借阅区/ [索取号:G270.7/63] 在馆    
唐山师范学院图书馆 欢迎您!
大连网信软件有限公司© 版权所有